Cilappatikaram the tale of an anklet tr by R Parthasarathy (Record no. 419267)

MARC details
000 -LEADER
fixed length control field 00712nam a2200241Ia 4500
003 - CONTROL NUMBER IDENTIFIER
control field OSt
005 - DATE AND TIME OF LATEST TRANSACTION
control field 20220924124328.0
008 - FIXED-LENGTH DATA ELEMENTS--GENERAL INFORMATION
fixed length control field 220923b |||||||| |||| 00| 0 tam d
037 ## - SOURCE OF ACQUISITION
Terms of availability Textual
040 ## - CATALOGING SOURCE
Original cataloging agency ARTS
Transcribing agency ARTS
Language of cataloging tam
041 ## - LANGUAGE CODE
Source of code tam
Language code of text/sound track or separate title tam
100 ## - MAIN ENTRY--PERSONAL NAME
Personal name Atikal Ilanko
9 (RLIN) 195466
245 #0 - TITLE STATEMENT
Title Cilappatikaram the tale of an anklet tr by R Parthasarathy
260 ## - PUBLICATION, DISTRIBUTION, ETC.
Place of publication, distribution, etc. New Delhi
Name of publisher, distributor, etc. Penguin books
Date of publication, distribution, etc. 2004
300 ## - PHYSICAL DESCRIPTION
Extent xix,419p.
Dimensions cm.
700 ## - ADDED ENTRY--PERSONAL NAME
Personal name Parthasarathy R Tr.
9 (RLIN) 195467
942 ## - ADDED ENTRY ELEMENTS (KOHA)
Classification part O31,1D5, 111P4
Koha item type Textual
Source of classification or shelving scheme Colon Classification (CC)
Holdings
Withdrawn status Lost status Damaged status Not for loan Home library Current library Date acquired Total Checkouts Full call number Barcode Date last seen Price effective from Koha item type Public note
        Arts Library Arts Library 2022-09-24   O31,1D5 111P4 AL1333508 2022-09-24 2022-09-24 Textual Translated form Tamil to Englsih.
Copyright @ Delhi University Library System